000 00593nam a2200217 i 4500
001 C2-0272320
003 PPAK
005 20180728001946.0
008 060809s1986 nyua|||| ||||| | eng d
022 _a03092151
040 _aPPAK
_beng
_cPPAK
_erda
245 0 0 _aArtscribe International
250 _aSeptember - October 1986
264 1 _aNew York :
_bArtsscribe International ,
_c1986
300 _a96 pages :
_bcolour illustrations ;
_c28 cm
336 _2rdacontent
_atext
337 _2rdamedia
_aunmediated
338 _2rdacarrier
_avolume
700 _eauthor
942 _ddc
_cB
999 _c80345
_d80345